00790nam a2200217Ia 4500003000900000008004100009040001600050080001900066245010200085260004600187300001000233650004900243650003400292650003400326700002900360700003200389700003500421942000700456999001700463952009200480IN-BaIIA211028s9999 xx 000 0 eng d cIIA Library a[8]:01:00bMOT 0aMotions-emotionsba dedication to Radcedited by Miller Goss,Lakshmi Saripalli and Richa Malhotra aBangalorebRaman Research Institutec2011 a128p. aBiography - Venkatraman Radhakrishnan935292 aCollection of articles935293 aCollection of lectures935294 aGoss, Miller, ed.935295 aMalhotra, Richa, ed.935296 aSaripalli, Lakshmi, ed.935297 cBK c18395d18395 00104070aBANbBANcGENd2012-10-08l0o92:52/ MOTp19317r2021-11-05w2012-10-08yBK